| 000 | 00609nam a2200181 i 4500 | ||
|---|---|---|---|
| 001 | 41767 | ||
| 003 | ES-MaACL | ||
| 005 | 20231229063007.0 | ||
| 007 | t| | ||
| 008 | 030311s1967 sp ||||1| spa d | ||
| 100 | 1 |
_aCastán Tobeñas, José, _d1889-1969 _936392 |
|
| 245 | 1 | 0 |
_aAragón y su derecho _b: (reflexiones ante la nueva compilación civil) / _cJosé Castán Tobeñas. |
| 260 |
_a[Madrid] : _bReus, _c[1967] |
||
| 300 |
_a62 p. ; _c25 cm. |
||
| 500 | _aEs separata de: Revista General de Legislación y Jurisprudencia. Mayo, 1967. | ||
| 852 |
_aES-MaACL _jC-32979 _bR.63897 |
||
| 999 |
_c41767 _d41767 |
||